<?xml version="1.0" encoding="UTF-8"?>
<record
    xmlns:xsi="http://www.w3.org/2001/XMLSchema-instance"
    xsi:schemaLocation="http://www.loc.gov/MARC21/slim http://www.loc.gov/standards/marcxml/schema/MARC21slim.xsd"
    xmlns="http://www.loc.gov/MARC21/slim">

  <leader>01775nas a2200277Ia 4500</leader>
  <controlfield tag="001">R050-S0489</controlfield>
  <controlfield tag="003">IT-CnALBA</controlfield>
  <controlfield tag="008">170116c99999999xx ||||||||||||   ||und||</controlfield>
  <datafield tag="040" ind1=" " ind2=" ">
    <subfield code="a">IT-CnALBA</subfield>
    <subfield code="c">IT-CnALBA</subfield>
  </datafield>
  <datafield tag="041" ind1=" " ind2=" ">
    <subfield code="a">ITALIANO</subfield>
  </datafield>
  <datafield tag="100" ind1=" " ind2=" ">
    <subfield code="a">PORTALUPPI D. ANGELO, PREVOSTO.</subfield>
  </datafield>
  <datafield tag="210" ind1=" " ind2=" ">
    <subfield code="a">IL SOLCO</subfield>
  </datafield>
  <datafield tag="222" ind1=" " ind2=" ">
    <subfield code="a">IL SOLCO</subfield>
  </datafield>
  <datafield tag="245" ind1=" " ind2="0">
    <subfield code="a">IL SOLCO. GENNAIO DICEMBRE 1927. RIVISTA CULTURA E ATTIVIT&#xC0; FEMMINILE. </subfield>
  </datafield>
  <datafield tag="250" ind1=" " ind2=" ">
    <subfield code="a">1a ed.</subfield>
  </datafield>
  <datafield tag="260" ind1=" " ind2=" ">
    <subfield code="a"> AREZZO. ROMA</subfield>
    <subfield code="b">STABILIMENTO TIPOGRAFICO.</subfield>
    <subfield code="c">1927 [1&#xB0; Ed.:1927 - Ed.Ling.Originale: 1927]</subfield>
  </datafield>
  <datafield tag="300" ind1=" " ind2=" ">
    <subfield code="a">576 p. </subfield>
  </datafield>
  <datafield tag="310" ind1=" " ind2=" ">
    <subfield code="a">MENSILE</subfield>
  </datafield>
  <datafield tag="362" ind1=" " ind2=" ">
    <subfield code="a">Fascicolo: 1-12 / Anno: 2 (1927)</subfield>
  </datafield>
  <datafield tag="500" ind1=" " ind2=" ">
    <subfield code="a">INDICE ANNATA. VITA RELIGIOSA. INNI. FAMIGLIA ED EDUCAZIONE. LETTERE E ARTE NEL MONDO SCIENTIFICO. VARIE NEL CAMPO SOCIALE. TAVOLE FUORI TESTO. PAROLA DEL PAPA. INNO ALLA FAMIGLIA. SALVI LIA. SALVIONI E. CURBASTRO RICCI E. STICCO M. FANNY D. CANTONIO A. CANUTI G. RITORNO MISTICA. FRATE JACOBA. SAMMARTINI MARTA. CONVERSAZIONI BIBLIOTECA. NASCITA DELLA VOCAZIONE. GENITORI E FIGLI. LA TUTELA DEGLI ESPOSTI. STATISTICA CRIMINALE, UOMINI E DONNE. CRONACHE SOCIALI. </subfield>
  </datafield>
  <datafield tag="501" ind1=" " ind2=" ">
    <subfield code="a">Societ&#xE0; San Paolo EM - Piazza San Paolo, 14 - 12051 ALBA (CN)  (non commercial uses only) &#xAE; Copyright 2017</subfield>
  </datafield>
  <datafield tag="520" ind1=" " ind2=" ">
    <subfield code="a">INDICE ANNATA. VITA RELIGIOSA. INNI. FAMIGLIA ED EDUCAZIONE. LETTERE E ARTE NEL MONDO SCIENTIFICO. VARIE NEL CAMPO SOCIALE. TAVOLE FUORI TESTO. PAROLA DEL PAPA. INNO ALLA FAMIGLIA. SALVI LIA. SALVIONI E. CURBASTRO RICCI E. STICCO M. FANNY D. CANTONIO A. CANUTI G. RITORNO MISTICA. FRATE JACOBA. SAMMARTINI MARTA. CONVERSAZIONI BIBLIOTECA. NASCITA DELLA VOCAZIONE. GENITORI E FIGLI. LA TUTELA DEGLI ESPOSTI. STATISTICA CRIMINALE, UOMINI E DONNE. CRONACHE SOCIALI. </subfield>
  </datafield>
  <datafield tag="650" ind1=" " ind2=" ">
    <subfield code="a">PERIODICI</subfield>
  </datafield>
  <datafield tag="942" ind1=" " ind2=" ">
    <subfield code="c">CR</subfield>
  </datafield>
  <datafield tag="957" ind1=" " ind2=" ">
    <subfield code="7">1</subfield>
  </datafield>
  <datafield tag="999" ind1=" " ind2=" ">
    <subfield code="a">62055</subfield>
    <subfield code="b">SI </subfield>
    <subfield code="g">1</subfield>
    <subfield code="c">329081</subfield>
    <subfield code="d">329081</subfield>
  </datafield>
  <datafield tag="952" ind1=" " ind2=" ">
    <subfield code="0">0</subfield>
    <subfield code="1">0</subfield>
    <subfield code="4">0</subfield>
    <subfield code="6">R_050S0489</subfield>
    <subfield code="7">1</subfield>
    <subfield code="a">ALBA</subfield>
    <subfield code="b">ALBA</subfield>
    <subfield code="d">2017-01-16</subfield>
    <subfield code="l">0</subfield>
    <subfield code="o">R050-S0489</subfield>
    <subfield code="r">2017-01-16 00:00:00</subfield>
    <subfield code="w">2017-01-16</subfield>
    <subfield code="y">CR</subfield>
    <subfield code="z">(data import: 16 gennaio 2017) - By Epidotti, Vaglietti. </subfield>
  </datafield>
</record>
